All Playable Genshin Impact Characters Without Visions (By Release) - Statistics

General Stats
  • This quiz has been taken 53 times
    8 since last reset
  • The average score is 13 of 15
Answer Stats
Substitute Answer % Correct
Tri-Lune Authority Convergence Columbina
100%
Moon Wheel Flins
100%
Moon Wheel Lauma
100%
Gnosis Mavuika
100%
Ancient Dragon's Authority Neuvillette
100%
Gnosis Raiden Shogun
100%
Gnosis Venti
100%
Gnosis Zhongli
100%
None Aether
86%
None Lumine
86%
Moon Wheel Nefer
86%
Moon Wheel Ineffa
71%
The Seven-Shifting Serpent Skirk
71%
Moon Wheel Zibai
71%
Moon Wheel Linnea
57%
No matching quizzes found
Score Distribution
Percent of People with Each Score
Percentile by Number Answered
Your Score History
You have not taken this quiz since the last reset